Eine kleine Einübung in Richard Schaefflers große »Philosophische Einübung in die Theologie«
| Main Author: | |
|---|---|
| Format: | Print Review |
| Language: | German |
| Check availability: | HBZ Gateway |
| Interlibrary Loan: | Interlibrary Loan for the Fachinformationsdienste (Specialized Information Services in Germany) |
| Published: |
2007
|
| In: |
Neue Zeitschrift für systematische Theologie und Religionsphilosophie
Year: 2007, Volume: 49, Issue: 1, Pages: 114-130 |
| Review of: | Philosophische Einübung in die Theologie / Richard Schaeffler (Nitsche, Bernhard) |
| IxTheo Classification: | NAA Systematic theology VA Philosophy |
| Further subjects: | B
Theology
B Book review B Philosophy |
MARC
| LEADER | 00000caa a2200000 c 4500 | ||
|---|---|---|---|
| 001 | 1629775266 | ||
| 003 | DE-627 | ||
| 005 | 20241129174614.0 | ||
| 007 | tu | ||
| 008 | 110427s2007 gw ||||| o 00| ||ger c | ||
| 035 | |a (DE-627)1629775266 | ||
| 035 | |a (DE-576)341218529 | ||
| 035 | |a (DE-599)BSZ341218529 | ||
| 040 | |a DE-627 |b ger |c DE-627 |e rakwb | ||
| 041 | |a ger | ||
| 044 | |c XA-DE | ||
| 084 | |a 1 |2 ssgn | ||
| 100 | 1 | |0 (DE-588)128859660 |0 (DE-627)383662605 |0 (DE-576)167205854 |4 aut |a Nitsche, Bernhard |d 1963- | |
| 109 | |a Nitsche, Bernhard 1963- |a Nitsche, B. 1963- | ||
| 245 | 1 | 5 | |a Eine kleine Einübung in Richard Schaefflers große »Philosophische Einübung in die Theologie« |c Bernhard Nitsche |
| 264 | 1 | |c 2007 | |
| 336 | |a Text |b txt |2 rdacontent | ||
| 337 | |a ohne Hilfsmittel zu benutzen |b n |2 rdamedia | ||
| 338 | |a Band |b nc |2 rdacarrier | ||
| 500 | |a Aufsatz | ||
| 601 | |a Schaeffler, Richard | ||
| 601 | |a Philosophie | ||
| 601 | |a Theologie | ||
| 650 | 0 | 7 | |0 (DE-588)4059758-1 |0 (DE-627)104131446 |0 (DE-576)209132159 |a Theologie |2 gnd |
| 650 | 0 | 7 | |0 (DE-588)4045791-6 |0 (DE-627)106200259 |0 (DE-576)209066873 |a Philosophie |2 gnd |
| 652 | |a NAA:VA | ||
| 655 | 7 | |a Rezension |0 (DE-588)4049712-4 |0 (DE-627)106186019 |0 (DE-576)209083166 |2 gnd-content | |
| 773 | 0 | 8 | |i In |t Neue Zeitschrift für systematische Theologie und Religionsphilosophie |d Berlin : De Gruyter, 1959 |g 49(2007), 1, Seite 114-130 |w (DE-627)129474436 |w (DE-600)203055-X |w (DE-576)014852306 |x 0028-3517 |7 nnas |
| 773 | 1 | 8 | |g volume:49 |g year:2007 |g number:1 |g pages:114-130 |
| 787 | 0 | 8 | |i Rezension von |a Philosophische Einübung in die Theologie / Richard Schaeffler |
| 889 | |w (DE-627)1864958286 | ||
| 935 | |a mteo | ||
| 935 | |i mdedup | ||
| 951 | |a AR | ||
| ELC | |b 1 | ||
| ITA | |a 1 | ||
| LOK | |0 000 xxxxxcx a22 zn 4500 | ||
| LOK | |0 001 3278153006 | ||
| LOK | |0 003 DE-627 | ||
| LOK | |0 004 1629775266 | ||
| LOK | |0 005 20110427091325 | ||
| LOK | |0 008 110427||||||||||||||||ger||||||| | ||
| LOK | |0 040 |a DE-21-31 |c DE-627 |d DE-21-31 | ||
| LOK | |0 852 |a DE-21-31 | ||
| LOK | |0 852 1 |c Ze 161-49 |m p |9 00 | ||
| LOK | |0 938 |k p | ||
| LOK | |0 939 |a 27-04-11 |b l01 | ||
| LOK | |0 000 xxxxxcx a22 zn 4500 | ||
| LOK | |0 001 3278153073 | ||
| LOK | |0 003 DE-627 | ||
| LOK | |0 004 1629775266 | ||
| LOK | |0 005 20160405155321 | ||
| LOK | |0 008 160404||||||||||||||||ger||||||| | ||
| LOK | |0 040 |a DE-Tue135 |c DE-627 |d DE-Tue135 | ||
| LOK | |0 092 |o n | ||
| LOK | |0 852 |a DE-Tue135 | ||
| LOK | |0 852 1 |9 00 | ||
| LOK | |0 935 |a ixzs |a ixmi |a turk | ||
| LOK | |0 936ln |0 1442053844 |a VA | ||
| LOK | |0 936ln |0 1442050780 |a NAA | ||
| LOK | |0 939 |a 04-04-16 |b l01 | ||
| ORI | |a SA-MARC-ixtheoa001.raw | ||
| REL | |a 1 | ||
| STA | 0 | 0 | |a Philosophy,Philosophy in literature,Theology,Theology |
| STB | 0 | 0 | |a Philosophie,Philosophie,Théologie,Théologie |
| STC | 0 | 0 | |a Filosofía,Filosofía,Teología,Teología |
| STD | 0 | 0 | |a Filosofia,Filosofia,Teologia,Teologia |
| STE | 0 | 0 | |a 哲学,神学家 |
| STF | 0 | 0 | |a 哲學,神學家 |
| STG | 0 | 0 | |a Filosofia,Filosofia,Teologia,Teologia |
| STH | 0 | 0 | |a Богословие (мотив),Богословие,Философия (мотив),Философия |
| STI | 0 | 0 | |a Θεολογία (μοτίβο),Θεολογία,Φιλοσοφία (μοτίβο),Φιλοσοφία |
| SUB | |a REL | ||
| SYE | 0 | 0 | |a Christliche Theologie , Philosophy,Philosophieren |